Online
Catalog

Tratado de geografia urbana / (Record no. 29633)

MARC details
000 -CABECERA
campo de control de longitud fija 00749nam a2200217 a 4500
001 - NÚMERO DE CONTROL
campo de control 000030141
005 - FECHA Y HORA DE LA ÚLTIMA TRANSACCIÓN
campo de control 20200930060058.0
008 - DATOS DE LONGITUD FIJA--INFORMACIÓN GENERAL
campo de control de longitud fija 110503s1975 sp ac 000 0 spa d
020 ## - NÚMERO INTERNACIONAL ESTÁNDAR DEL LIBRO
Número Internacional Estándar del Libro 8431612738
040 ## - FUENTE DE LA CATALOGACIÓN
Centro catalogador/agencia de origen DO-SdBNP
Lengua de catalogación spa
Centro/agencia transcriptor BNPHU
082 ## - NÚMERO DE LA CLASIFICACIÓN DECIMAL DEWEY
Número de clasificación xxxx
Número de documento/Ítem xxxx
100 1# - ENTRADA PRINCIPAL--NOMBRE DE PERSONA
Nombre de persona Beaujeu-Garnier, Jacqueline
9 (RLIN) 56853
245 10 - MENCIÓN DE TÍTULO
Título Tratado de geografia urbana /
Mención de responsabilidad, etc. Jacqueline Beaujeu-Garnier, Georges Chabot ; prólogo J. Vilá Valentí.
260 ## - PUBLICACIÓN, DISTRIBUCIÓN, ETC.
Lugar de publicación, distribución, etc. Barcelona :
Nombre del editor, distribuidor, etc. Vicens-Vives,
Fecha de publicación, distribución, etc. 1975.
300 ## - DESCRIPCIÓN FÍSICA
Extensión 587 p. :
Otras características físicas il., retr. ;
Dimensiones 24 cm.
500 ## - NOTA GENERAL
Nota general Bibliografía : p. 553-576
500 ## - NOTA GENERAL
Nota general Traducido del idioma ingles
500 ## - NOTA GENERAL
Nota general Incluye índice de nombres de ciudades
700 1# - PUNTO DE ACCESO ADICIONAL--NOMBRE DE PERSONA
Nombre de persona Chabot, Georges
9 (RLIN) 56854
700 1# - PUNTO DE ACCESO ADICIONAL--NOMBRE DE PERSONA
Nombre de persona Valentí, J. Vilá,
Término indicativo de función/relación prol.
9 (RLIN) 56855
Holdings
Estado de retiro Estado de pérdida Restricciones de uso No para préstamo Código de colección Localización permanente Ubicación/localización actual Ubicación en estantería Fecha de adquisición Número de inventario Total de préstamos Signatura topográfica completa Código de barras Fecha visto por última vez Precio válido a partir de Tipo de ítem Koha
        Monografías: Libros y Folletos General General En catalogación 03.05.2011 LF1   xxxx xxxx 30141-10 25.06.2020 25.06.2020 Préstamo en sala

Powered by Koha